| 000 | 00985nam a2200265Ia 4500 | ||
|---|---|---|---|
| 003 | OSt | ||
| 005 | 20200730133651.0 | ||
| 008 | 191128s1999 waua gr 000 0 spa d | ||
| 040 |
_aCO-JMCR _cCO-JMCR |
||
| 041 | 0 | _aeng | |
| 082 | 0 | 4 |
_a332.1532 / _bA666p _223 |
| 100 | 1 |
_aArboleda, Jairo, _eautor _98178 |
|
| 245 | 1 | 0 |
_aParticipatory country assistance strategy in Colombia : _ba case study / _cJairo Arboleda |
| 260 |
_aWashington : _bThe world bank, _c1999. |
||
| 300 |
_a68 páginas : _bilustraciones en blanco y negro ; _c28 cm. |
||
| 490 | 1 |
_aSocial development papers ; _v33 |
|
| 505 | 0 | _aThe context -- The plan to prepare the Country assistance strategy -- The implementation experience -- Leassons from the experience | |
| 546 | _aInglés | ||
| 650 | 1 | 4 |
_aParticipación social _98179 |
| 650 | 2 | 4 |
_aCambio social _98187 |
| 650 | 2 | 4 |
_aProgramas de ayuda _98188 |
| 650 | 2 | 4 |
_aAyuda al desarrollo _98189 |
| 650 | 2 | 4 |
_aEstrategia del desarrollo _92266 |
| 942 |
_2ddc _cBK |
||
| 999 |
_c4987 _d4987 |
||